Обращение. В последнее время на водных путях Севера участились случаи бесчинства и самоуправства над состоящими на учете судовыми командами ... (Запись № 10804623)
[ простой вид ]
| 000 -МАРКЕР | |
|---|---|
| контрольное поле | 02816nam0a2200433 4500 |
| 001 - ИДЕНТИФИКАТОР ЗАПИСИ | |
| контрольное поле | RU\NLR\BIBL_A\011267381 |
| 005 - ИДЕНТИФИКАТОР ВЕРСИИ | |
| контрольное поле | 20250626034413.0 |
| 020 ## - НОМЕР ДОКУМЕНТА В НАЦИОНАЛЬНОЙ БИБЛИОГРАФИИ | |
| Код страны | Российская Федерация |
| Основное заглавие издания Российской книжной палаты | От Февраля к Октябрю: коллекция листовок/Рос. нац. б-ка |
| 035 ## - ДРУГИЕ СИСТЕМНЫЕ НОМЕРА | |
| Идентификатор записи | (NLR Aleph) 011267381 |
| 100 ## - ДАННЫЕ ОБЩЕЙ ОБРАБОТКИ | |
| Данные общей обработки | 20161110j19170707|||y0rusy50 ca |
| 101 0# - ЯЗЫК РЕСУРСА | |
| Язык текста, звукозаписи и т.д. | русский |
| 102 ## - СТРАНА ПУБЛИКАЦИИ ИЛИ ПРОИЗВОДСТВА | |
| Страна публикации | Российская Федерация |
| 105 ## - ПОЛЕ КОДИРОВАННЫХ ДАННЫХ: ТЕКСТОВЫЕ МАТЕРИАЛЫ, МОНОГРАФИЧЕСКИЕ | |
| Кодированные данные о монографическом текстовом документе | y z 000yy |
| 135 ## - ПОЛЕ КОДИРОВАННЫХ ДАННЫХ: ЭЛЕКТРОННЫЕ РЕСУРСЫ | |
| Кодированные данные для электронного ресурса | crcn 024apada |
| 135 ## - ПОЛЕ КОДИРОВАННЫХ ДАННЫХ: ЭЛЕКТРОННЫЕ РЕСУРСЫ | |
| Кодированные данные для электронного ресурса | crcn 024apada |
| 200 1# - ЗАГЛАВИЕ И СВЕДЕНИЯ ОБ ОТВЕТСТВЕННОСТИ | |
| Основное заглавие | Обращение. В последнее время на водных путях Севера участились случаи бесчинства и самоуправства над состоящими на учете судовыми командами ... |
| Сведения, относящиеся к заглавию | [листовка] |
| Первые сведения об ответственности | Советы рабочих, солдатских и крестьянских депутатов Архангельской губернии |
| 210 ## - ПУБЛИКАЦИЯ, РАСПРОСТРАНЕНИЕ И ДР. | |
| Место издания, распространения и т.д. | Архангельск [Архангельская губ.] |
| Имя издателя, распространителя и т. д. | Губернская типография |
| Дата издания, распространения и т.д. | 1917, 7 июля |
| 215 ## - ФИЗИЧЕСКАЯ ХАРАКТЕРИСТИКА | |
| Специфическое обозначение материала и объем | [1] л. в 2 стб. |
| Размеры | 38х19 |
| 300 ## - ОБЩИЕ ПРИМЕЧАНИЯ | |
| Текст примечания | Подписи: Арханг. совет рабочих и солдатских депутатов. Арханг. губернск. совет крестьянских депутатов |
| 300 ## - ОБЩИЕ ПРИМЕЧАНИЯ | |
| Текст примечания | Коллекция листовок "От Февраля к Октябрю" (1 экз.) |
| 325 1# - ПРИМЕЧАНИЕ О КОПИИ | |
| Текст примечания | Копия доступна в Электронной библиотеке РНБ |
| 327 1# - ПРИМЕЧАНИЯ О СОДЕРЖАНИИ | |
| Текст примечания | О содействии судоходства на реках Севера |
| 517 1# - ДРУГИЕ ВАРИАНТЫ ЗАГЛАВИЯ | |
| Вариант заглавия | В последнее время на водных путях Севера участились случаи бесчинства и самоуправства над стоящими на учете судовыми командами ... |
| 540 1# - ДОПОЛНИТЕЛЬНОЕ ЗАГЛАВИЕ, ПРИМЕНЯЕМОЕ КАТАЛОГИЗАТОРОМ | |
| Заглавие | О содействии судоходства на реках Севера |
| 540 1# - ДОПОЛНИТЕЛЬНОЕ ЗАГЛАВИЕ, ПРИМЕНЯЕМОЕ КАТАЛОГИЗАТОРОМ | |
| Заглавие | От Февраля к Октябрю |
| Сведения о заглавии | листовки |
| 607 ## - ГЕОГРАФИЧЕСКОЕ НАИМЕНОВАНИЕ КАК ПРЕДМЕТ | |
| Географическое наименование | Россия |
| Формальный подзаголовок | Листовки |
| Тематический подзаголовок | История |
| Хронологический подзаголовок | 1917 |
| Системный номер авторитетной/нормативной записи | 2250871 |
| Идентификатор авторитетной/нормативной записи | RU\NLR\AUTH\661350120 |
| 686 0# - ИНДЕКСЫ ДРУГИХ КЛАССИФИКАЦИЙ | |
| Индекс | Т3(2)524.2,011 |
| 686 0# - ИНДЕКСЫ ДРУГИХ КЛАССИФИКАЦИЙ | |
| Индекс | Т3(2Р-4Арх-2А)711.1,011 |
| 711 02 - НАИМЕНОВАНИЕ ОРГАНИЗАЦИИ - АЛЬТЕРНАТИВНАЯ ОТВЕТСТВЕННОСТЬ | |
| Начальный элемент ввода | Архангельский Совет рабочих и солдатских депутатов |
| Системный номер авторитетной/нормативной записи | 534661 |
| Идентификатор авторитетной/нормативной записи | RU\NLR\AUTH\880435141 |
| 711 02 - НАИМЕНОВАНИЕ ОРГАНИЗАЦИИ - АЛЬТЕРНАТИВНАЯ ОТВЕТСТВЕННОСТЬ | |
| Начальный элемент ввода | Архангельский губернский Совет крестьянских депутатов |
| Системный номер авторитетной/нормативной записи | 383274 |
| Идентификатор авторитетной/нормативной записи | RU\NLR\AUTH\880357877 |
| 852 00 - МЕСТОНАХОЖДЕНИЕ И ШИФР ХРАНЕНИЯ | |
| Идентификатор организации | NLR |
| Наименование фонда или коллекции (Sub-Location Identifier) | Фл |
| Шифр хранения (Call Number) | XII/94 |
| 942 ## - ДОПОЛНИТЕЛЬНЫЕ ЭЛЕМЕНТЫ ЗАПИСИ (АБИС) | |
| Тип экземпляра АБИС | Книга |
| 980 ## - КОЛЛЕКЦИЯ | |
| Название коллекции | Национальная библиография |
| 981 42 - КОЛЛЕКЦИЯ ЭЛЕКТРОННОЙ БИБЛИОТЕКИ | |
| Название коллекции | 1917: от Февраля к Октябрю |
| Название подколлекции | Листовки 1917 года |
Нет доступных экземпляров.